Chansons de Michael Jackson - Album Off The Wall - Statistiques

Statistiques générales
  • Ce quiz a été pris 33 fois
  • Le résultat moyen est 6 sur 10
Statistiques - réponses
Ordre dans l'album Chansons % Correct
01 Don't Stop 'Til You Get Enough
86%
02 Rock with You
86%
05 Off the Wall
82%
06 Girlfriend
73%
07 She's Out of My Life
64%
03 Working Day and Night
64%
04 Get on the Floor
55%
08 I Can't Help It
45%
10 Burn This Disco Out
36%
09 It's the Falling in Love
36%
Aucun quiz correspondant
Distribution des résultats
% des personnes avec chaque résultat
Percentile par nombre de réponses
Votre historique - résultats
Vous n’avez pas pris ce quiz